000
00260nam a2200097Ia 4500
001
689036
005
20250826161626.0
008
250824s9999 xx 000 0 und d
245
0
_a
BENİM KÜÇÜK DOSTLARIM
_c
HALİDE NUSRET ZORLUTUNA
260
_b
TİMAŞ YAYINLARI
999
_c
689036
_d
689036